000 01038nas a2200301 4500
001 BR2015001946
003 BR-BrBNA
005 20231205125200.0
007 ta
008 230509b bl.|||p| |||| 00| 00por d
040 _aBR-BrBNA
_bpor
_cBiblioteca Nacional de Agricultura
041 _a(Pt)
072 _aP34
100 1 _aReis Junior, F.B.
100 1 _aSilva, M.F.
100 1 _aTeixeira, K.R.S.
100 1 _aUrquiaga, S.
100 1 _aReis, V.M.
245 1 _aIdentificação de isolados de Azospirillum amazonense associados a Brachiaria spp. em diferentes épocas e condições de cultivo e produção de fitormônico pela bactéria
650 _aFIXAÇÃO DE NITROGÊNIO
650 _aSOLO
650 _aPASTAGEM
650 _aBRACHIARIA
773 0 _tRevista Brasileira de Ciência do Solo (Brazil)
_xISSN 0100-0683
_g(Jan-Feb 2004), v. 28(1) p. 103-113
_wBR2015001946
856 4 0 _uhttp://www.scielo.br/pdf/rbcs/v28n1/a11v28n1.pdf
909 _a202311
_bLúcia
_c55
_dLúcia Elande
942 _2AGRIS
_n0
_cANA
999 _c243073
_d243073